01387naa a2200265 i 4500001000400000003000400004005001700008008003900025040000800064041000800072044000800080080001600088100016900104245016800273260001000441500002600451650001800477655003000495711010600525773012400631700016800755700017000923942001301093999001501106BPPBPK20160108122531.0140527s1984 pl f |100 0  cBPK apol aPOL a663/664.017 aMILANOWSKI, Jerzy.d1974 - 1993.bWyższa Szkoła Inżynierska w Koszalinie - Instytut Konstrukcji i Eksploatacji Maszyn,cZakład Maszyn Przemysłu Spożywczego aNowa metoda i urządzenie do określania wody w masach pomadkowych w trakcie ich zatężania w wyparkach /cJerzy Milanowski, Jerzy Maceluch, Janusz Owczarzak. c1984. aDane z kartoteki bpp. 0aCukiernictwo. 0aMateriały konferencyjne. aPrzemysł spożywczy : Ogólnopolska Konferencja Naukowo-Technicznan(3 ;d1984 ;cLublin, Polska). tPrzemysł spożywczy : Materiały III Ogólnopolskiej Konferencji Naukowo-Technicznej. -dLublin, 1984. -gs. 135-137 aMACELUCH, Jerzy.d1977 - 1996.bWyższa Szkoła Inżynierska w Koszalinie - Instytut Konstrukcji i Eksploatacji Maszyn,cZakład Maszyn Przemysłu Spożywczego aOWCZARZAK, Janusz.d1980 - 1990.bWyższa Szkoła Inżynierska w Koszalinie - Instytut Konstrukcji i Eksploatacji Maszyn,cZakład Maszyn Przemysłu Spożywczego cART2UKD c6793d6793